[Event "Catalunya-chT Gp2 Final"]
[Site "Barcelona"]
[Date "2023.03.25"]
[Round "3.10"]
[White "Pinyol I Llora, Julia"]
[Black "Martinez Talavera, Jordi"]
[Result "1/2-1/2"]
[WhiteElo "1924"]
[BlackElo "1965"]
[PlyCount "92"]
[EventDate "2023.03.11"]
[EventType "team-k.o."]
[EventRounds "4"]
[EventCountry "ESP"]
[SourceTitle "EXT 2024"]
[Source "ChessBase"]
[SourceDate "2023.10.10"]
[SourceVersion "1"]
[SourceVersionDate "2023.10.10"]
[SourceQuality "1"]
[WhiteTeam "Cerdanyola Valles"]
[BlackTeam "Badalona Cor de Marina"]
[WhiteTeamCountry "ESP"]
[BlackTeamCountry "ESP"]

1. d4 Nf6 2. c4 e6 3. Nf3 Bb4+ 4. Bd2 Be7 5. g3 d5 6. Bg2 c6 7. Qc2 0-0 8. 0-0 b6 9. Bf4 Bd6 10. Bxd6 Qxd6 11. Nbd2 Nbd7 12. Rfd1 Bb7 13. e4 Qe7 14. Ne5 Nxe5 15. dxe5 Ng4 16. exd5 cxd5 17. cxd5 exd5 18. Re1 Rac8 19. Qf5 Nh6 20. Qd3 Qb4 21. Nb3 Rc7 22. e6 fxe6 23. Rxe6 Qc4 24. Qe2 Ng4 25. Re8 Qxe2 26. Rxe2 Nf6 27. Nd4 Rc4 28. Rd1 Rfc8 29. Nf5 Rc1 30. Ree1 Rxd1 31. Rxd1 Rc2 32. h3 Rc7 33. Rd4 Rd7 34. g4 g6 35. Ng3 Kf7 36. g5 Ne8 37. h4 Nc7 38. Kf1 Nb5 39. Rd2 Re7 40. Re2 Rxe2 41. Nxe2 Ke6 42. Ke1 Kd6 43. b4 Ke5 44. Kd2 Ke6 45. Ng3 Ke5 46. Ke3 Bc8 1/2-1/2

[Event "Barcelona Sant Marti op 10th"]
[Site "Barcelona"]
[Date "2023.01.26"]
[Round "3"]
[White "Pinyol I Llora, Julia"]
[Black "Salazar Navas, Josep"]
[Result "1-0"]
[WhiteElo "1795"]
[BlackElo "1584"]
[PlyCount "55"]
[EventDate "2023.01.12"]
[EventType "swiss"]
[EventRounds "9"]
[EventCountry "ESP"]
[SourceTitle "CBM 213 Extra"]
[Source "ChessBase"]
[SourceDate "2023.05.31"]
[SourceVersion "1"]
[SourceVersionDate "2023.05.31"]
[SourceQuality "1"]

1. d4 Nf6 2. c4 c5 3. d5 b5 4. cxb5 a6 5. e3 g6 6. Nc3 Bg7 7. Nf3 0-0 8. a4 d6 9. Ra3 Bb7 10. e4 e6 11. dxe6 fxe6 12. e5 Ne8 13. Be2 axb5 14. Nxb5 d5 15. Ng5 Qb6 16. f4 h6 17. Nf3 Nc7 18. 0-0 Nd7 19. Qc2 Rf7 20. Nxc7 Qxc7 21. Qxg6 Nf8 22. Qc2 c4 23. Be3 Qa5 24. Nd4 Nd7 25. Nxe6 Bc6 26. Qc3 Bxa4 27. Qxa5 Rxa5 28. Rfa1 1-0

[Event "Catalunya-chT Gp2"]
[Site "Barcelona"]
[Date "2023.01.21"]
[Round "?"]
[White "Pinyol I Llora, Julia"]
[Black "Lambert Pont, James"]
[Result "1-0"]
[WhiteElo "1795"]
[BlackElo "1750"]
[PlyCount "128"]
[EventDate "2023.01.21"]
[EventType "team-tourn"]
[EventRounds "7"]
[EventCountry "ESP"]
[SourceTitle "CBM 212 Extra"]
[Source "ChessBase"]
[SourceDate "2023.03.31"]
[SourceVersion "1"]
[SourceVersionDate "2023.03.31"]
[SourceQuality "1"]
[WhiteTeam "Cerdanyola Valles"]
[BlackTeam "Mollet"]
[WhiteTeamCountry "ESP"]
[BlackTeamCountry "ESP"]

1. d4 d5 2. c4 e6 3. Nf3 Nf6 4. g3 c6 5. Bg2 Bd6 6. 0-0 0-0 7. Qc2 h6 8. Nbd2 Re8 9. e4 dxe4 10. Nxe4 Nxe4 11. Qxe4 Nd7 12. Bf4 Nf6 13. Qe3 Bxf4 14. Qxf4 Qb6 15. b3 c5 16. dxc5 Qxc5 17. Ne5 Re7 18. Rad1 Qb6 19. Qd4 Nd7 20. Nxd7 Rxd7 21. Qxb6 axb6 22. a4 Rxd1 23. Rxd1 Kf8 24. Rd6 Ke7 25. Rxb6 Kd8 26. c5 Kc7 27. f4 Ra5 28. Rb5 Rxb5 29. axb5 b6 30. b4 Bd7 31. Bf1 Be8 32. Kf2 Bd7 33. Ke3 Bc8 34. Kd4 Bb7 35. Ke5 Bd5 36. cxb6+ Kxb6 37. Kd6 g5 38. f5 g4 39. Ke5 Bb3 40. Bd3 exf5 41. Kxf5 Be6+ 42. Kf6 Kc7 43. Kg7 h5 44. Kh6 Bd5 45. Kxh5 Bf3 46. Kg5 Kb6 47. Bc4 Bd1 48. Kf6 Bf3 49. Kxf7 Kc7 50. Kf6 Kd6 51. Bf7 Be2 52. Be8 Kc7 53. Kg5 Kb6 54. Bd7 Kc7 55. Bxg4 Bxb5 56. h4 Kd8 57. Kf6 Ke8 58. Kg7 Ke7 59. h5 Kd6 60. Bf5 Ke5 61. Bb1 Kd4 62. h6 Kc4 63. h7 Kb3 64. h8Q Ka3 1-0

[Event "Madrid Alcorcon op 1st"]
[Site "Madrid"]
[Date "2022.12.29"]
[Round "7"]
[White "Fernandez Lledo, Javier"]
[Black "Pinyol I Llora, Julia"]
[Result "1/2-1/2"]
[WhiteElo "2273"]
[BlackElo "1707"]
[PlyCount "126"]
[EventDate "2022.12.26"]
[EventType "swiss"]
[EventRounds "9"]
[EventCountry "ESP"]
[SourceTitle "CBM 212 Extra"]
[Source "ChessBase"]
[SourceDate "2023.03.31"]
[SourceVersion "1"]
[SourceVersionDate "2023.03.31"]
[SourceQuality "1"]

1. Nf3 d5 2. b3 Nf6 3. Bb2 Bf5 4. g3 e6 5. Bg2 Be7 6. 0-0 0-0 7. Nh4 Be4 8. f3 Bg6 9. Nxg6 hxg6 10. d4 c5 11. e3 Nc6 12. Nc3 Rc8 13. Ne2 b5 14. dxc5 Bxc5 15. Nd4 Qb6 16. Kh1 b4 17. Qd3 Nxd4 18. exd4 Bd6 19. c4 bxc3 20. Bxc3 Rc6 21. Bb2 Rfc8 22. Rfc1 Qa5 23. Rxc6 Rxc6 24. a3 Qc7 25. Rd1 a5 26. Bf1 Qe7 27. a4 Qc7 28. Qe3 Rc2 29. Rc1 Bb4 30. Bd3 Rxc1+ 31. Qxc1 Qxc1+ 32. Bxc1 Bc3 33. Be3 Kf8 34. Kg2 Ke7 35. Kf2 Nd7 36. Bb5 f6 37. Ke2 e5 38. Kd3 Bb4 39. Bxd7 Kxd7 40. dxe5 fxe5 41. f4 e4+ 42. Ke2 Bc3 43. Bc5 d4 44. g4 Ke6 45. Bf8 Kd5 46. h4 d3+ 47. Ke3 Bb2 48. Kd2 Bf6 49. g5 Bd4 50. Be7 Bb6 51. Bf8 Ke6 52. Bxg7 Kf5 53. Bf8 Kxf4 54. h5 gxh5 55. g6 Bd4 56. g7 Bxg7 57. Bxg7 h4 58. Bc3 h3 59. Bxa5 Kf3 60. Bc7 Kg2 61. Bf4 Kf3 62. Bh2 Kg2 63. Bd6 Kf2 1/2-1/2

[Event "Catalunya-ch (Women)"]
[Site "Llinars del Valles"]
[Date "2022.11.01"]
[Round "7"]
[White "Vinolas Anglada, Laura"]
[Black "Pinyol I Llora, Julia"]
[Result "1-0"]
[WhiteElo "1847"]
[BlackElo "1696"]
[PlyCount "63"]
[EventDate "2022.10.28"]
[EventType "tourn"]
[EventRounds "7"]
[EventCountry "ESP"]
[SourceTitle "EXT 2024"]
[Source "ChessBase"]
[SourceDate "2023.10.10"]
[SourceVersion "1"]
[SourceVersionDate "2023.10.10"]
[SourceQuality "1"]

1. e4 c5 2. Nf3 e6 3. d4 cxd4 4. Nxd4 a6 5. Be2 Nf6 6. Nc3 Qc7 7. 0-0 d6 8. f4 Be7 9. Qe1 0-0 10. Qg3 b5 11. a3 Bb7 12. Bf3 Nbd7 13. Kh1 Nc5 14. e5 Nfe4 15. Nxe4 Nxe4 16. Qe1 d5 17. Bxe4 dxe4 18. Qg3 Rfd8 19. Be3 Rd5 20. Qg4 Kh8 21. Rae1 g6 22. c3 Bf8 23. Bf2 Rd7 24. Bh4 Bg7 25. Re3 Qc4 26. Rd1 Qa2 27. Rh3 Qxb2 28. Bf6 Rxd4 29. cxd4 Rc8 30. Qh4 h5 31. Qg5 Qe2 32. Qh6+ 1-0

[Event "ESP-ch U14 Rapid"]
[Site "Salobrena"]
[Date "2022.07.24"]
[Round "9"]
[White "Villa Tornero, Alex"]
[Black "Pinyol I Llora, Julia"]
[Result "1/2-1/2"]
[WhiteElo "1925"]
[BlackElo "1472"]
[PlyCount "114"]
[EventDate "2022.07.23"]
[EventType "swiss (rapid)"]
[EventRounds "9"]
[EventCountry "ESP"]
[SourceTitle "EXT 2023"]
[Source "ChessBase"]
[SourceDate "2022.10.05"]
[SourceVersion "1"]
[SourceVersionDate "2022.10.05"]
[SourceQuality "1"]

1. Nf3 d5 2. e3 Nf6 3. b3 e6 4. Bb2 Bd6 5. d4 b6 6. Bd3 Bb7 7. 0-0 0-0 8. Nbd2 c5 9. dxc5 bxc5 10. c4 Nc6 11. cxd5 exd5 12. Rc1 Re8 13. Re1 Ne4 14. Bxe4 dxe4 15. Nc4 Be7 16. Qxd8 Raxd8 17. Nfd2 Nb4 18. Red1 Nd3 19. Rb1 Nxb2 20. Rxb2 Bf6 21. Rc2 Rd5 22. Re1 Rd3 23. Nb1 Be7 24. Rd2 Red8 25. Red1 Bf6 26. Kf1 Rxd2 27. Rxd2 Rxd2 28. Nbxd2 Bc3 29. Nd6 Bd5 30. Ke2 Bxd2 31. Kxd2 Kf8 32. Nb5 a6 33. Nc3 Bc6 34. Nd1 Ke7 35. Kc3 Kd6 36. Nb2 Kd5 37. a4 a5 38. f3 exf3 39. gxf3 Ke5 40. Nd3+ Kd6 41. e4 Bd7 42. Kc4 Be6+ 43. Kb5 Bxb3 44. Nxc5 Bd1 45. f4 Be2+ 46. Kb6 f6 47. Nb3 Bd3 48. Nd2 g5 49. fxg5 fxg5 50. Kxa5 h5 51. Kb4 g4 52. Kc3 Ba6 53. Kd4 h4 54. e5+ Ke6 55. Ke4 g3 56. hxg3 hxg3 57. Kf3 Kxe5 1/2-1/2

[Event "ESP-ch U14"]
[Site "Salobrena"]
[Date "2022.07.21"]
[Round "6"]
[White "Cereijo Suarez, Nerea"]
[Black "Pinyol I Llora, Julia"]
[Result "1-0"]
[WhiteElo "1639"]
[BlackElo "1886"]
[PlyCount "141"]
[EventDate "2022.07.18"]
[EventType "swiss"]
[EventRounds "9"]
[EventCountry "ESP"]
[SourceTitle "EXT 2023"]
[Source "ChessBase"]
[SourceDate "2022.10.05"]
[SourceVersion "1"]
[SourceVersionDate "2022.10.05"]
[SourceQuality "1"]

1. e4 c5 2. Nf3 e6 3. c4 Nc6 4. d4 cxd4 5. Nxd4 Nf6 6. Nc3 Bb4 7. Nxc6 bxc6 8. Bd3 e5 9. 0-0 0-0 10. Qc2 h6 11. Rd1 Bc5 12. h3 d6 13. Qe2 Nd7 14. Be3 a5 15. Na4 Bxe3 16. Qxe3 Bb7 17. Rac1 c5 18. Bb1 Ra6 19. Nc3 Re8 20. Nb5 Nf6 21. Rd2 Qe7 22. Rcd1 Rd8 23. a4 Ne8 24. b3 Bc6 25. Qg3 Bxb5 26. axb5 Raa8 27. Ra2 Qc7 28. Qc3 Ra7 29. Bd3 Rda8 30. Rda1 Nf6 31. Qd2 Nh5 32. g3 Qd8 33. Be2 Nf6 34. Bf3 Qb6 35. Kg2 Nd7 36. Rd1 a4 37. bxa4 Rxa4 38. Rxa4 Rxa4 39. Qxd6 Ra7 40. Bg4 Qxd6 41. Rxd6 Nf6 42. Rc6 Ra8 43. Rc8+ Rxc8 44. Bxc8 Nxe4 45. b6 Nd6 46. b7 Nxb7 47. Bxb7 Kf8 48. Kf3 Ke7 49. Bd5 f5 50. h4 Kf6 51. Ke3 g5 52. hxg5+ hxg5 53. f4 exf4+ 54. gxf4 g4 55. Kf2 Kg7 56. Kg3 Kg6 57. Kh4 Kh6 58. Be6 Kg6 59. Bc8 Kf6 60. Kh5 g3 61. Bb7 Ke6 62. Kh4 Kf6 63. Kxg3 Kg7 64. Kh4 Kh6 65. Bc6 Kg6 66. Bb5 Kh6 67. Be8 Kg7 68. Kg5 Kf8 69. Bb5 Ke7 70. Kxf5 Kd6 71. Kg6 1-0

[Event "Barcelona CC Amateurs April"]
[Site "Barcelona"]
[Date "2021.05.29"]
[Round "6"]
[White "Febrero Perez, Lluis"]
[Black "Pinyol I Llora, Julia"]
[Result "0-1"]
[WhiteElo "1386"]
[BlackElo "1607"]
[PlyCount "62"]
[EventDate "2021.04.24"]
[EventType "tourn"]
[EventRounds "9"]
[EventCountry "ESP"]
[SourceTitle "EXT 2022"]
[Source "ChessBase"]
[SourceDate "2021.10.06"]
[SourceVersion "1"]
[SourceVersionDate "2021.10.06"]
[SourceQuality "1"]

1. e4 c5 2. Nf3 e6 3. c3 Nf6 4. d3 Nc6 5. Na3 d5 6. e5 Nd7 7. d4 cxd4 8. cxd4 Bxa3 9. bxa3 Qa5+ 10. Qd2 Qb6 11. Be2 0-0 12. 0-0 f6 13. Qd3 fxe5 14. Ng5 e4 15. Qh3 Nf6 16. Bg4 Nxd4 17. Be3 e5 18. Bxc8 Raxc8 19. Rab1 Ne2+ 20. Kh1 Qc6 21. Bxa7 Qa6 22. Qe3 Nc3 23. Qb6 Nxb1 24. Rxb1 Qxb6 25. Bxb6 Rc3 26. g3 Rfc8 27. Kg2 h6 28. Nh3 Rxa3 29. Be3 d4 30. Bc1 Rxa2 31. Ng1 Rac2 0-1